00402 a2200097 4500001000900000005001700009008004100026245016700067100002700234773004300261ART_633820260410161619.0260409a 10aLa actuación del contador publico en el concurso preventivo, desde la presentación prevista en el artículo 11 hasta la presentación del informe individual1 aRodríguez, Raquel E.0 tEnfoquesg- Nº 11 (nov. 2008)wREV416